000 00424nam a22001697a 4500
003 CEME
005 20210628201634.0
008 210212b xxu||||| |||| 00| 0 eng d
040 _c.
082 _a333.72 SAR
100 _aIucn
_956121
245 _aSarhad provincial conservation strategy
260 _aPAKISTAN
_bIUCN
_c1996
300 _aXXVIII,248P
650 _aCONSERVATION STRATEGY-NWFP
_956122
942 _cBK
_2ddc
999 _c566640
_d566640